Statistiken für Nenne die zehn größten Städte Afrikas

Klicken Sie hier um das Quiz zu spielen!

Allgemein

  • Dieses Quiz wurde 279 mal gespielt
  • Das Durchschnittsergebnis liegt bei 8 aus 10

Antwortstatistiken

EinwohnerLandStadt% Korrekt
21,32 Millionen
ÄgyptenKairo
100%
5,93 Millionen
Südafrika
Johannesburg
88%
14,97 Millionen
Demokratische
Republik Kongo
Kinshasa
86%
14,86 Millionen
NigeriaLagos
86%
5,01 Millionen
ÄthiopienAddis Abeba
82%
5,38 Millionen
ÄgyptenAlexandria
82%
8,63 Millionen
AngolaLuanda
81%
6 Millionen
SudanKhartum
69%
7,05 Millionen
TansaniaDar es Salaam
54%
5,36 Millionen
ElfenbeinküsteAbidjan
45%

Verteilung der Resultate

Perzentil nach korrekt beantworteten Fragen

Anzahl Personen mit jedem Resultat

Ihre Resultats-Entwicklung

Sie haben dieses Quiz noch nicht gespielt